| 000 | 01376nas a2200349 i 4500 | ||
|---|---|---|---|
| 001 | 2312 | ||
| 003 | ES-MaACL | ||
| 005 | 20250814062557.0 | ||
| 007 | t| | ||
| 008 | 950801d19021937sp | | 1 ||pa d | ||
| 080 | _a57 | ||
| 245 | 0 | 0 | _aTrabajos del Laboratorio de Investigaciones Biológicas de la Universidad de Madrid. |
| 260 |
_aMadrid : _bLaboratorio de Investigaciones Biológicas de la Universidad de Madrid, _c[1902]-1937 ( _ffNicolás Moya) |
||
| 300 |
_av. : _bil. ; _c25 cm. |
||
| 310 | _aAnual | ||
| 362 | 0 | _aT. I (1901)- t. 31 (1936/1937) | |
| 500 | _aCompilador: Santiago Ramón y Cajal. | ||
| 546 | _aTextos en español y francés. | ||
| 650 | 4 |
_aInstituciones científicas y diversas _913829 |
|
| 650 | 1 | 7 |
_aBiología _2embne _910580 |
| 650 | 4 |
_aHistología. _9164981 |
|
| 700 | 1 |
_aRamón y Cajal, Santiago, _d1852-1934 _9226468 |
|
| 710 | 2 |
_aUniversidad de Madrid. _bLaboratorio de Investigaciones Biológicas. _97216 |
|
| 710 | 2 |
_aInstituto Cajal. _9172571 |
|
| 780 | 0 | 0 | _aRevista trimestral micrográfica |
| 785 | 0 | 0 | _aTrabajos del Instituto Cajal de Investigaciones Biológicas.- 1940-1979.- T. 32 = 37 (1940)-t. 70, fasc. 4 = 78 (1979) |
| 852 |
_aES-MaACL _jP-788-bis _z.- Años 1943-1945 |
||
| 852 |
_aES-MaACL _jC-30338-74 |
||
| 866 | 0 | _o1943-1945 | |
| 866 | 0 | _o1901-1911, 1914-35, 1940-1946, 1949. | |
| 999 |
_c2312 _d2312 |
||